Politics of north east India with special reference to Assam (Record no. 4684)

MARC details
000 -LEADER
fixed length control field 00655cam a2200229ua 4500
008 - FIXED-LENGTH DATA ELEMENTS--GENERAL INFORMATION
fixed length control field 131023n ii |||gr||||Z||||||eng
020 ## - INTERNATIONAL STANDARD BOOK NUMBER
International Standard Book Number 978-81-923218-6-8
040 ## - CATALOGING SOURCE
Transcribing agency MAIN
082 ## - DEWEY DECIMAL CLASSIFICATION NUMBER
Classification number 320.95416
245 ## - TITLE STATEMENT
Title Politics of north east India with special reference to Assam
Statement of responsibility, etc. by Deepan Das
250 ## - EDITION STATEMENT
Edition statement 1st ed.
260 ## - PUBLICATION, DISTRIBUTION, ETC.
Place of publication, distribution, etc. Dibrugarh:
Name of publisher, distributor, etc. National library,
Date of publication, distribution, etc. 2013.
300 ## - PHYSICAL DESCRIPTION
Extent x,273.
700 ## - ADDED ENTRY--PERSONAL NAME
Personal name Das.Deepan,
Relator term
700 ## - ADDED ENTRY--PERSONAL NAME
Personal name Bora,Ganesh Ch.,
Relator term
700 ## - ADDED ENTRY--PERSONAL NAME
Personal name Das,Dheeraj Kr.,
Relator term
700 ## - ADDED ENTRY--PERSONAL NAME
Personal name Konwar,Narayan,
Relator term
942 ## - ADDED ENTRY ELEMENTS (KOHA)
Koha item type Books
653 ## - INDEX TERM--UNCONTROLLED
Uncontrolled term Political science
653 ## - INDEX TERM--UNCONTROLLED
Uncontrolled term Politics of Northeast India
Holdings
Withdrawn status Lost status Damaged status Not for loan Home library Current library Shelving location Date acquired Total Checkouts Full call number Barcode Date last seen Copy number Price effective from Koha item type Date last checked out
        Central Library, Naharkatiya College Central Library, Naharkatiya College General Stacks 19/09/2020   320.95416 | POL 20972 19/09/2020 2 19/09/2020 Books  
        Central Library, Naharkatiya College Central Library, Naharkatiya College General Stacks 19/09/2020 1 320.95416 | POL 20973 30/10/2021 3 19/09/2020 Books 21/10/2021
        Central Library, Naharkatiya College Central Library, Naharkatiya College General Stacks 19/09/2020 9 320.95416 | POL 20974 26/02/2022 1 19/09/2020 Books 10/02/2022

Naharkatiya College © 2020. All rights reserved.

Powered By